Geography Quiz

Random Geography or World Quiz

Capital on Island Quiz Stats

 Plays Quiz Updated Aug 6, 2019

Score 0/51 Timer 06:00
2 Plays Today
Country (Capital) % Correct
New Zealand (Wellington)
91.5%
Japan (Tokyo)
91.4%
Cuba (Havana)
89.6%
United Kingdom (London)
88%
Indonesia (Jakarta)
87.9%
Madagascar (Antananarivo)
86.7%
Ireland (Dublin)
86.2%
Haiti (Port-au-Prince)
86.1%
Jamaica (Kingston)
85.7%
Iceland (Reykjavík)
85.7%
Cyprus (Nicosia)
84.6%
Malta (Valletta)
83.3%
Dominican Republic (Santo Domingo)
83.2%
Dominica (Roseau)
82.5%
Sri Lanka (Kotte)
81.7%
Bahamas (Nassau)
81.5%
Fiji (Suva)
80.2%
Philippines (Manila)
79.7%
St. Kitts and Nevis (Basseterre)
78.7%
Seychelles (Victoria)
78.5%
Trinidad and Tobago (Port of Spain)
78.3%
Barbados (Bridgetown)
76.8%
Taiwan (Taipei)
76.2%
Singapore (Singapore)
74.7%
Maldives (Malé)
74.4%
St. Vincent and the Grenadines (Kingstown)
74%
Country (Capital) % Correct
Samoa (Apia)
72.8%
St. Lucia (Castries)
72.5%
Marshall Islands (Majuro)
72.1%
Papua New Guinea (Port Moresby)
71.9%
Antigua and Barbuda (St. John's)
71.5%
Tuvalu (Funafuti)
70.7%
São Tomé and Príncipe (São Tomé)
70.7%
Cabo Verde (Praia)
70.4%
Vanuatu (Port Vila)
70.3%
Tonga (Nukuʻalofa)
69.5%
Comoros (Moroni)
69.5%
Mauritius (Port Louis)
69.4%
Grenada (St. George's)
69.4%
Solomon Islands (Honiara)
69.4%
Micronesia (Palikir)
69.1%
Nauru (Yaren)
69%
Palau (Ngerulmud)
68.4%
Kiribati (Tarawa)
66%
Brunei (Bandar Seri Begawan)
62.1%
Timor-Leste (Dili)
61.6%
Denmark (Copenhagen)
60.9%
Bahrain (Manama)
58.2%
Equatorial Guinea (Malabo)
33.4%
United Arab Emirates (Abu Dhabi)
28.7%
The Gambia (Banjul)
13%

You're not logged in!

Compare scores with friends on all Sporcle quizzes.
OR
Log In

Sporcle TV

Today on Sporcle TV


Watch our educational content, quiz creation guides, and fun videos on Sporcle TV.

Show Comments

Extras

Top Quizzes Today


Score Distribution

Your Account Isn't Verified!

In order to create a playlist on Sporcle, you need to verify the email address you used during registration. Go to your Sporcle Settings to finish the process.

Report this User

Report this user for behavior that violates our Community Guidelines.

Details: